| 000 | 00847cam a2200241 a 4500 | ||
|---|---|---|---|
| 001 | sa 65007674 | ||
| 003 | DLC | ||
| 005 | 20260227112150.0 | ||
| 008 | 890504s1965 ii a 001 0 hino | ||
| 010 | _asa 65007674 | ||
| 035 | _a(OCoLC)19655072 | ||
| 040 |
_aDLC _cDLC |
||
| 050 | 0 | 0 |
_aBL1139.29 _b.R42 1965 |
| 100 | 1 | _aRāya, Rāmakumāra. | |
| 245 | 1 | 0 |
_aVālmīkirāmāyaṇakośaḥ : _bVālmīkirāmāyaṇasya sāmnāṃ viṣayāṇāṃ ca vyākhyātmikā anukramaṇikā / _cRāmakumārarāyaḥ. |
| 246 | 1 | 5 | _aVālmīki-Rāmāyaṇa kosha |
| 260 |
_aVārāṇasī : _bCaukhambā Saṃskr̥ta Sīrīja Āphisa, _c1965. |
||
| 300 |
_a4, 3, 431 p. : _bill. ; _c23 cm. |
||
| 440 | 0 |
_aKāśī Saṃskr̥ta granthamālā ; _v168 |
|
| 546 | _aIn Hindi. | ||
| 500 | _aIncludes index. | ||
| 600 | 0 | 0 |
_aVālmīki. _tRāmāyaṇa _vConcordances. |
| 999 |
_c65285 _d65285 |
||